00716nam a2200205 a 450000500170000000800410001701000130005802000250007103500130009603700150010904000180012408200060014210000220014824500920017026000340026227000540029630000230035052001040037365000330047720090909115512.0990210s1999 nyua j 000 1 eng  aB-357123 c69.00a9780230633186 aB-357123 bDBAD / PUB adplbEnglish  aN aDickens, Charles  aDavid copperfield /cby Charles Dickens; abridged by W. Jewesbury; illustrated by Phiz  aNew Delhi bMacmillian c2008 a2/10, Ansari Road, Daryaganj,bNew Delhi e110002 a128p. c22cm(pbk)  aA little girl falls down a rabbit hole and discovers a world of nonsensical and amusing characters. aChildren's stories, English